Construction contract claims (Record no. 115827)
[ view plain ]
| 000 -LEADER | |
|---|---|
| fixed length control field | 01061cam a22002895a 4500 |
| 001 - CONTROL NUMBER | |
| control field | L159351 |
| 008 - FIXED-LENGTH DATA ELEMENTS--GENERAL INFORMATION | |
| fixed length control field | 161010s2016 xxk f 000 0 eng d |
| 020 ## - INTERNATIONAL STANDARD BOOK NUMBER | |
| International Standard Book Number | 9781137520371 |
| 035 ## - SYSTEM CONTROL NUMBER | |
| System control number | (Sirsi) u159351 |
| 041 0# - LANGUAGE CODE | |
| Language code of text/sound track or separate title | eng |
| 050 04 - LIBRARY OF CONGRESS CALL NUMBER | |
| Classification number | 692.8 |
| 100 1# - MAIN ENTRY--PERSONAL NAME | |
| Personal name | Thomas, Reg |
| 245 00 - TITLE STATEMENT | |
| Title | Construction contract claims |
| 250 ## - EDITION STATEMENT | |
| Edition statement | 4th ed. |
| 260 ## - PUBLICATION, DISTRIBUTION, ETC. | |
| Place of publication, distribution, etc. | Basingstoke |
| Name of publisher, distributor, etc. | Palgrave |
| Date of publication, distribution, etc. | 2016 |
| 520 ## - SUMMARY, ETC. | |
| Summary, etc. | Considers difficulties that may arise in claims nationally and internationally, with reference to case law and a methodical approach to a variety of examples. Includes references to the NEC3 and JCT and FIDIC contracts. |
| 520 ## - SUMMARY, ETC. | |
| Summary, etc. | Supersedes 3 ed 9780230242852 |
| 590 ## - LOCAL NOTE (RLIN) | |
| Local note | KA |
| 650 24 - SUBJECT ADDED ENTRY--TOPICAL TERM | |
| Topical term or geographic name entry element | WALTER LILLY & CO LTD V MACKAY AND ANOTHER |
| 650 24 - SUBJECT ADDED ENTRY--TOPICAL TERM | |
| Topical term or geographic name entry element | CAVENDISH SQUARE HOLDING BV V TALAL EL MAKDESSI |
| 650 24 - SUBJECT ADDED ENTRY--TOPICAL TERM | |
| Topical term or geographic name entry element | PARKING EYE LTD V BEAVIS |
| 650 24 - SUBJECT ADDED ENTRY--TOPICAL TERM | |
| Topical term or geographic name entry element | OSBRASCON HUARTE LAIN SA V HER MAJESTY'S ATTORNEY GENERAL FOR GIBRALTAR |
| 651 #4 - SUBJECT ADDED ENTRY--GEOGRAPHIC NAME | |
| Geographic name | England and Wales |
| Chronological subdivision | 1543- |
| 690 ## - LOCAL SUBJECT ADDED ENTRY--TOPICAL TERM (OCLC, RLIN) | |
| Topical term or geographic name as entry element | Construction management |
| 9 (RLIN) | 6230 |
| 700 1# - ADDED ENTRY--PERSONAL NAME | |
| Personal name | Wright, M. |
| 942 ## - ADDED ENTRY ELEMENTS (KOHA) | |
| Suppress in OPAC | 0 |
| Withdrawn status | Lost status | Source of classification or shelving scheme | Damaged status | Not for loan | Home library | Current library | Shelving location | Date acquired | Total Checkouts | Full call number | Barcode | Date last seen | Copy number | Price effective from | Koha item type |
|---|---|---|---|---|---|---|---|---|---|---|---|---|---|---|---|
| Dewey Decimal Classification | London | London | Books | 10/10/2016 | 692.8 THO | 30078322 | 06/08/2019 | 1 | 06/08/2019 | Book |